Ont-ils déjà joué ensemble ? - Statistiques

Statistiques générales
  • Ce quiz a été pris 35 fois
    26 depuis la dernière actualisation
  • Le résultat moyen est 3 sur 16
Answers on the Grid
Answers color-coded by a green-red scale on the quiz's grid according to % correct below.
Glenn Close et Gérard Depardieu
Alain Delon et Georges Clooney
Marilyn Monroe et Clark Gable
Jack Nicholson et Samuel Lee Jackson
Johnny Hallyday et Jean Reno
Isabelle Huppert et Naomi Watts
Meryl Streep et Timothée Chalamet
Woody Allen et Audrey Hepburn
Iggy Pop et Johnny Depp
Omar Sharif et Christopher Lee
Adèle Exarchopoulos et Sylvester Stallone
Arnold Schwarzenegger et Jackie Chan
Ingrid Bergman et Yves Montand
Daniel Day-Lewis et Jean-Claude Van Damme
Sharon Stone et Jean Rochefort
Léa Seydoux et Angelina Jolie
Fabrice Luchini et Roberto Benigni
Clara Morgane et Mélanie Laurent
Benjamin Biolay et Christophe Barbier
Volodymyr Zelensky et Sean Penn
Céline Dion et Ricky Gervais
Jean-Luc Mélenchon et Pierre Niney
Greta Garbo et John Wayne
Gary Cooper et Maurice Chevalier
Ronald Reagan et Humphrey Bogart
Catherine Deneuve et David Bowie
Orelsan et Ice Cube
Lauren Bacall et Simone Signoret
Jean Dujardin et Jack Black
Leslie Nielsen et Ray Charles
 
Statistiques - réponses
Réponse % Correct
Glenn Close et Gérard Depardieu
43%
Marilyn Monroe et Clark Gable
38%
Johnny Hallyday et Jean Reno
33%
Meryl Streep et Timothée Chalamet
29%
Isabelle Huppert et Naomi Watts
24%
Arnold Schwarzenegger et Jackie Chan
19%
Clara Morgane et Mélanie Laurent
19%
Iggy Pop et Johnny Depp
19%
Ingrid Bergman et Yves Montand
19%
Benjamin Biolay et Christophe Barbier
14%
Catherine Deneuve et David Bowie
10%
Céline Dion et Ricky Gervais
10%
Ronald Reagan et Humphrey Bogart
10%
Gary Cooper et Maurice Chevalier
5%
Leslie Nielsen et Ray Charles
5%
Omar Sharif et Christopher Lee
5%
Aucun quiz correspondant
Distribution des résultats
% des personnes avec chaque résultat
Percentile par nombre de réponses
Votre historique - résultats
Vous n’avez pas pris ce quiz depuis la dernière actualisation